00876nam a22002657a 4500003000900000005001700009008002800026017000900054020001800063035000600081040002500087082002700112100005000139245010300189260004000292300002100332490002900353500005800382650002600440650002300466650002200489650003600511700002500547700003800572DO-SdBNP20230824101859.0060721 2014 sp spa  a b  a9788490186404 a  aBPMSUbspacBPMSUe  4a813.5 bC346c 20142221 aCast, P. C. q(Phyllis Christine Cast)d1960-10aCasa de la noche :bOculta / cP. C. Cast, Kristin Cast ; traducción María Otero Gonzálezh  aMadrid : bTrakatrá,c2014.e f  a279 p. ;c24 cm.0 3La casa de la noche,v10 aSerie número 1 en ventas en más de diez países. 2Novela estadounidense 4aMagia vNovela 2  4aVampiros vNovela 4aNovela juvenil estadounidense 1 aCast, Kristind1986-1 aOtero González, María etrad.